Statistics for Lord of the Rings- Rings of Power Speech

Click here to take the quiz!

General Stats

  • This quiz has been taken 64 times
  • The average score is 60 of 76

Answer Stats

Answer% Correct
the
100%
the
100%
the
100%
the
100%
the
100%
the
100%
the
100%
the
100%
the
100%
ring
98%
ring
98%
ring
98%
on
96%
One
96%
One
96%
One
96%
One
96%
to
96%
to
96%
to
96%
to
96%
all,
93%
all
93%
rule
93%
them
93%
them
93%
them,
93%
them
93%
bind
87%
men
87%
and
82%
dark
82%
Dark
82%
Dwarf
82%
rings
82%
Lord
80%
of
80%
of
80%
of
80%
In
78%
In
78%
in
78%
in
78%
Mordor
78%
mordor
78%
Seven
76%
Three
76%
darkness
73%
Nine
73%
for
71%
for
71%
for
71%
for
71%
kings
71%
where
71%
where
71%
find
69%
Land
67%
land
67%
lords
67%
bring
62%
elven
60%
lie.
58%
lie
58%
his
56%
shadows
56%
shadows
56%
their
56%
die,
53%
halls
53%
stone,
51%
under
51%
doomed
49%
mortal
49%
sky,
49%
throne
49%

Score Distribution

Percentile by Number Answered

Percent of People with Each Score

Your Score History

You have not taken this quiz